书目信息 |
| 题名: |
西洋番国志
|
|
| 作者: | 巩珍 著 ;向达 校注 | |
| 分册: | ||
| 出版信息: | 北京 中华书局 1961.8 |
|
| 页数: | 60页 | |
| 开本: | 19cm | |
| 丛书名: | 中外交通史丛刊 | |
| 单 册: | ||
| 中图分类: | K930.6 | |
| 科图分类: | ||
| 主题词: | 地理 | |
| 电子资源: | ||
| ISBN: | ||
| 000 | 00608nam0 2200229 45 | |
| 001 | 0211290989 | |
| 005 | 20060817104130.90 | |
| 010 | @dCNY0.32 | |
| 091 | @a11018.131 | |
| 100 | @a20021129d1961 km y0chiy0120 ea | |
| 101 | 0 | @achi |
| 200 | 1 | @a西洋番国志@AXi Yang Fan Guo Zhi@f(明)巩珍著@F(Ming)Gong Zhen Zhu@g向达校注 |
| 210 | @a北京@c中华书局@d1961.8 | |
| 215 | @a60页@d19cm | |
| 225 | @a中外交通史丛刊 | |
| 410 | @12001 @a中外交通史丛刊 | |
| 606 | 0 | @a地理 |
| 690 | @aK930.6@v3 | |
| 701 | 0 | @a巩珍@4著 |
| 702 | 0 | @a向达@AXiang Da@4校注 |
| 801 | @aCN@bTSTC@c20060817 | |
| 905 | @dK930.6@e6@f1@b88681 | |
| 西洋番国志/(明)巩珍著/向达校注.-北京:中华书局,1961.8 |
| 60页;19cm.-(中外交通史丛刊) |
| ISBN :CNY0.32 |
| ● |
| 相关链接 |
|
|
|
|
正题名:西洋番国志
索取号:K930.6/6
 
预约/预借
| 序号 | 登录号 | 条形码 | 馆藏地/架位号 | 状态 | 备注 |
| 1 | 0088681 | 000083689 | 密集书库/ [索取号:K930.6/6] | 在馆 | |
| 2 | 0088682 | 202091306 | 第二样本阅览室/ [索取号:K930.6/6] | 在馆 | |
| 3 | 0219340 | 001631648 | 密集书库/ [索取号:K930.6/6] | 在馆 | |
| 4 | 0219341 | 001631657 | 密集书库/ [索取号:K930.6/6] | 在馆 | |
| 5 | 0466200 | 204662007 | 密集书库/ [索取号:K930.6/6] | 在馆 |